Microwave circuit theory : and foundation of microwave metrology /

Gespeichert in:
Bibliographische Detailangaben
1. Verfasser: Engen, Glenn F (Verfasst von)
Format: Buch
Sprache:Englisch
Veröffentlicht: London : Peter Peregrinus, 1992
Schriftenreihe:IEE electrical measurement 9
Schlagworte:
Tags: Tag hinzufügen
Keine Tags, Fügen Sie das erste Tag hinzu!

MARC

LEADER 00000nam a22000003a 4500
001 stu10053
005 20150617225803.1
008 970818s1992----uk------------------eng-d
020 |a 0-86341-287-4 
040 |a STU  |b slo 
041 0 |a eng 
044 |a uk 
080 |a 621.372.049.029.64 
084 |a B1350  |2 INS 
100 1 |a Engen, Glenn F  |4 aut 
245 1 |a Microwave circuit theory :  |b and foundation of microwave metrology /  |c [aut.] Engen,Glenn F 
260 |a London :  |b Peter Peregrinus,  |c 1992 
300 |a 240 s 
650 7 |a mikrovlnné obvody  |2 stusub 
650 7 |a teória obvodov  |2 stusub 
830 0 |a IEE electrical measurement  |v 9 
996 |b EIEE-4  |c E*IEE-4  |l EE01  |s A  |a 24  |w stu10053_0001 
996 |b EIEE-11  |c E*IEE-11  |l EE01  |s A  |a 24  |w stu10053_0002